00518nam a2200169 a 450000100100000000500170001000800410002704000250006808200160009310000370010924500480014626000420019430000280023649000250026470000340028983000250032300003676920200930075927.0120131s19uu xxua 000 0 spa d aDO-SdBNPbspacBNPHU axxxxbL587w1 aLeopold, Luna B.c(Luna Bergere)10aWater /cLuna B. Leopold, Kenneth S. Davis. aNew York :bTime Life Books,c[196-]? a200 p. :bil. ;c28 cm.1 aLife science library1 aDavis, Kenneth Sydney,d1912- 0aLife science library